Enforcing commercial lease terms against successive landlords. Part 1 (Record no. 66035)
[ view plain ]
| 000 -LEADER | |
|---|---|
| fixed length control field | 00846cam a2200229 4500 |
| 001 - CONTROL NUMBER | |
| control field | X110776 |
| 008 - FIXED-LENGTH DATA ELEMENTS--GENERAL INFORMATION | |
| fixed length control field | 000000n2000 000 0 eng u |
| 035 ## - SYSTEM CONTROL NUMBER | |
| System control number | (Sirsi) u110776 |
| 100 ## - MAIN ENTRY--PERSONAL NAME | |
| Personal name | Brymer, S. |
| 245 ## - TITLE STATEMENT | |
| Title | Enforcing commercial lease terms against successive landlords. Part 1 |
| 260 ## - PUBLICATION, DISTRIBUTION, ETC. | |
| Date of publication, distribution, etc. | 2000 |
| 490 ## - SERIES STATEMENT | |
| Series statement | Property Law |
| Volume/sequential designation | (49) December2000, 4-6(3) |
| 520 ## - SUMMARY, ETC. | |
| Summary, etc. | Examines law as it currently stands with regard to the transmissibility of options to purchase and exclusivity clauses against singular successors of the landlord. Part 2 is published in Property Law Vol 50 pages 3-5 |
| 590 ## - LOCAL NOTE (RLIN) | |
| Local note | ABS |
| 650 ## - SUBJECT ADDED ENTRY--TOPICAL TERM | |
| Topical term or geographic name entry element | COMMERCIAL LEASES |
| 650 ## - SUBJECT ADDED ENTRY--TOPICAL TERM | |
| Topical term or geographic name entry element | DAVIDSON V ZANI |
| 650 ## - SUBJECT ADDED ENTRY--TOPICAL TERM | |
| Topical term or geographic name entry element | LEASES ACT 1449 |
| 650 ## - SUBJECT ADDED ENTRY--TOPICAL TERM | |
| Topical term or geographic name entry element | REGISTRATION OF LEASES (SCOTLAND) ACT 1857 |
| 650 ## - SUBJECT ADDED ENTRY--TOPICAL TERM | |
| Topical term or geographic name entry element | SCOTLAND |
| 690 ## - LOCAL SUBJECT ADDED ENTRY--TOPICAL TERM (OCLC, RLIN) | |
| Topical term or geographic name as entry element | LANDLORD AND TENANT-LEASES |
| 942 ## - ADDED ENTRY ELEMENTS (KOHA) | |
| Suppress in OPAC | 0 |
| Withdrawn status | Lost status | Source of classification or shelving scheme | Damaged status | Not for loan | Home library | Current library | Shelving location | Date acquired | Total Checkouts | Full call number | Barcode | Date last seen | Copy number | Price effective from | Koha item type |
|---|---|---|---|---|---|---|---|---|---|---|---|---|---|---|---|
| Dewey Decimal Classification | London | London | Journal article | 06/02/2001 | X110776 | 110776-2001 | 06/08/2019 | 1 | 06/08/2019 | Journal article |